[Event "OLNW 2223 Post SV Uelzen - SK Ricklinge"]
[Site "?"]
[Date "2023.02.05"]
[Round "5.4"]
[White "von Estorff, Jacob"]
[Black "Schmidt, Benjamin"]
[Result "1-0"]
[WhiteElo "2151"]
[BlackElo "1864"]
[PlyCount "61"]
[EventDate "2023.??.??"]

1. e4 c5 2. Nf3 d6 3. d4 cxd4 4. Nxd4 Nf6 5. Nc3 Nc6 6. f4 g6 7. Nf3 Bg7 8. Bd3 Qb6 9. Qe2 O-O 10. Rb1 a6 11. Be3 Qa5 12. O-O Ng4 13. Bd2 Nd4 14. Qe1 Qc5 15. Kh1 Qh5 16. Qg3 b5 17. Nd5 e6 18. Ne7+ Kh8 19. Nxd4 Bxd4 20. Be2 f5 21. h3 Qh6 22. exf5 gxf5 23. Bf3 Ra7 24. Nxc8 Rxc8 25. Bxg4 fxg4 26. Qxg4 Rxc2 27. Qd1 Qg6 28. f5 Qg3 29. Rf3 Rxd2 30. Qxd2 Qe5 31. Re1 1-0

[Event "OLNW 2223 Post SV Uelzen - SK Ricklinge"]
[Site "?"]
[Date "2023.02.05"]
[Round "5.5"]
[White "Herrmann, Andreas"]
[Black "Bargsten, Justus"]
[Result "1-0"]
[WhiteElo "2020"]
[BlackElo "2141"]
[PlyCount "159"]
[EventDate "2023.??.??"]

1. d4 d5 2. Nf3 Nf6 3. Bf4 c5 4. dxc5 Qa5+ 5. c3 Qxc5 6. Nbd2 Nc6 7. e3 g6 8. h3 Bg7 9. Be2 O-O 10. O-O Re8 11. Bh2 a5 12. a4 Bd7 13. Bb5 Rad8 14. Qe2 Nb8 15. Bd3 Qb6 16. Rfb1 Na6 17. Ne5 Bf5 18. Bxf5 gxf5 19. Qb5 Qa7 20. Qxa5 Ne4 21. Ndf3 Bh6 22. Nd4 e6 23. Qb5 Nac5 24. Nd3 Bf8 25. Bc7 Rc8 26. Bb6 Qb8 27. Nxc5 Bxc5 28. Bxc5 Rxc5 29. Qe2 Kh8 30. Rc1 Rg8 31. c4 Qc8 32. b3 Qf8 33. cxd5 Rxd5 34. f4 Qg7 35. Ra2 Qg3 36. Rac2 Rdd8 37. Qf3 Qh4 38. g4 Qf6 39. Rg2 Rg6 40. g5 Qe7 41. Qe2 Kg8 42. Rc4 Qa3 43. Qb2 Qd6 44. Qc2 Qa3 45. Kh2 Nd6 46. Rc7 Qb4 47. Qc3 Qb6 48. Qc5 Qa6 49. Nb5 b6 50. Qc6 Nxb5 51. axb5 Qa8 52. Rc2 e5 53. Qxa8 Rxa8 54. Rc8+ Rxc8 55. Rxc8+ Kg7 56. Kg3 Rd6 57. fxe5 Rd3 58. Rc6 Rxe3+ 59. Kf4 Rxh3 60. Rxb6 Rxb3 61. Kxf5 Rb1 62. Rb7 Kf8 63. Ke4 Kg7 64. Kd5 Kg6 65. Kc6 Rc1+ 66. Kb6 Re1 67. Re7 Kxg5 68. Kc7 h5 69. b6 f5 70. b7 Rc1+ 71. Kd8 Rb1 72. Kc8 h4 73. b8=Q Rxb8+ 74. Kxb8 f4 75. Rf7 h3 76. e6 h2 77. Rh7 Kf6 78. e7 h1=Q 79. Rxh1 Kxe7 80. Rf1 1-0

[Event "OLNW 2223 Post SV Uelzen - SK Ricklinge"]
[Site "?"]
[Date "2023.02.05"]
[Round "5.6"]
[White "Bogomolow, Sergej"]
[Black "Ploog, Martin"]
[Result "1/2-1/2"]
[WhiteElo "2161"]
[BlackElo "2022"]
[PlyCount "81"]
[EventDate "2023.??.??"]

1. e4 e6 2. d4 d5 3. Nc3 Nf6 4. Bg5 Bb4 5. Nge2 dxe4 6. a3 Be7 7. Bxf6 Bxf6 8. Nxe4 O-O 9. Qd3 Nd7 10. O-O-O b6 11. g4 Bb7 12. Bg2 Rb8 13. f4 g6 14. h4 c5 15. g5 Bg7 16. h5 Qc7 17. Qh3 Rfc8 18. hxg6 hxg6 19. dxc5 Bxe4 20. Bxe4 Nxc5 21. Qe3 Na4 22. Nd4 Nc5 23. Nc6 Nxe4 24. Qxe4 Ra8 25. Rh2 Qxc6 26. Rd8+ Rxd8 27. Qxc6 Rac8 28. Qf3 Rc5 29. c3 Rcd5 30. Kc2 b5 31. Qe3 a5 32. Qb6 a4 33. Qc6 Bf8 34. Re2 R8d6 35. Qe8 Rd8 36. Qc6 R8d6 37. Qc8 Rd8 38. Qc6 R8d6 39. Qc7 Rd7 40. Qb6 R7d6 41. Qc7 1/2-1/2

[Event "OLNW 2223 Post SV Uelzen - SK Ricklinge"]
[Site "?"]
[Date "2023.02.05"]
[Round "5.8"]
[White "Mittelstaedt, Hendrik"]
[Black "Traulsen, Timo"]
[Result "1-0"]
[WhiteElo "2036"]
[BlackElo "1700"]
[PlyCount "81"]
[EventDate "2023.??.??"]

1. d4 f5 2. c4 Nf6 3. Nc3 e6 4. g3 d5 5. Bg2 c6 6. Nh3 Bd6 7. O-O O-O 8. b3 Nbd7 9. Qd3 Ne4 10. Bb2 Ndf6 11. Nd1 g5 12. f3 g4 13. Nf4 Ng5 14. Nf2 h5 15. Ng6 Rf7 16. Qe3 Nfh7 17. Ne5 Rg7 18. Qf4 Nf6 19. h3 gxh3 20. Bh1 Bd7 21. Kh2 Qe7 22. Qh4 Rf8 23. Bc1 Nf7 24. c5 Bxe5 25. dxe5 Nxe5 26. Bh6 Qxc5 27. Bxg7 Kxg7 28. Nxh3 Neg4+ 29. fxg4 Nxg4+ 30. Kg2 Rf6 31. Qg5+ Rg6 32. Qd2 Ne3+ 33. Kf3 d4 34. Kf2 Rxg3 35. Kxg3 Qe5+ 36. Rf4 h4+ 37. Kf2 c5 38. Rg1+ Kf8 39. Qa5 Ng4+ 40. Rgxg4 Qe3+ 41. Kf1 1-0

[Event "OLNW 2223 SK Union Oldenburg - SV Werde"]
[Site "?"]
[Date "2023.02.05"]
[Round "5.1"]
[White "Lichmann, Peter"]
[Black "Wittje, Berthold"]
[Result "1/2-1/2"]
[WhiteElo "2343"]
[BlackElo "2226"]
[PlyCount "57"]
[EventDate "2023.??.??"]

1. e4 Nf6 2. e5 Nd5 3. c4 Nb6 4. c5 Nd5 5. Nc3 e6 6. d4 b6 7. Nxd5 exd5 8. Be3 bxc5 9. dxc5 c6 10. a3 Ba6 11. Bd3 Bxd3 12. Qxd3 a5 13. b3 Na6 14. Rc1 Qb8 15. Nf3 Qa7 16. O-O Be7 17. Qc3 Nc7 18. Nd4 O-O 19. Nf5 Rfe8 20. Nxe7+ Rxe7 21. Bg5 Re6 22. f4 Rae8 23. Qg3 Kh8 24. Qh4 d6 25. exd6 Rxd6 26. f5 f6 27. Bd2 Rd7 28. Qa4 Nb5 29. Qxa5 1/2-1/2

[Event "OLNW 2223 SK Union Oldenburg - SV Werde"]
[Site "?"]
[Date "2023.02.05"]
[Round "5.2"]
[White "Mueer, Sebastian"]
[Black "Kardoeus, David"]
[Result "0-1"]
[WhiteElo "2237"]
[BlackElo "2146"]
[PlyCount "62"]
[EventDate "2023.??.??"]

1. d4 Nf6 2. c4 g6 3. Nc3 Bg7 4. e4 d6 5. Nf3 O-O 6. h3 e5 7. d5 a5 8. Be3 Na6 9. g4 Nd7 10. a3 Nac5 11. Rg1 a4 12. Nd2 Bf6 13. g5 Be7 14. h4 f6 15. gxf6 Nxf6 16. h5 g5 17. Bxg5 Kh8 18. h6 Nxd5 19. Bxe7 Nxe7 20. Rg7 Ng6 21. Qe2 Qh4 22. Qe3 Bg4 23. Be2 Bxe2 24. Nxe2 Qh1+ 25. Nf1 Rf3 26. Qg5 Nxe4 27. Qg1 Qxh6 28. Qg4 Rxf2 29. Qxe4 Raf8 30. Nfg3 Kxg7 31. Kd1 Rf1+ 0-1

[Event "OLNW 2223 SK Union Oldenburg - SV Werde"]
[Site "?"]
[Date "2023.02.05"]
[Round "5.3"]
[White "Efimenko, Maria"]
[Black "Bredemeier, Dirk"]
[Result "1/2-1/2"]
[WhiteElo "2225"]
[BlackElo "2233"]
[PlyCount "138"]
[EventDate "2023.??.??"]

1. e4 c5 2. c3 d5 3. exd5 Qxd5 4. d4 e6 5. Na3 a6 6. Nc4 Nd7 7. Nf3 Ngf6 8. Be2 cxd4 9. Qxd4 Bc5 10. Qxd5 Nxd5 11. b4 Be7 12. Bd2 b6 13. O-O Bb7 14. Rab1 O-O 15. Rfc1 Rfd8 16. a3 Rac8 17. Nb2 N5f6 18. Bf4 Ne4 19. c4 Bf6 20. Na4 Bc6 21. b5 Bb7 22. bxa6 Bxa6 23. Nxb6 Nxb6 24. Rxb6 Ra8 25. Bf1 Be7 26. Be3 Rdc8 27. Ne5 Bd8 28. Rc6 f6 29. Rxc8 Rxc8 30. Nd7 Rc7 31. Nb6 Be7 32. Rd1 Kf7 33. a4 Rc6 34. a5 Ke8 35. g3 Bb4 36. Bg2 f5 37. Bxe4 fxe4 38. Ra1 e5 39. Ra4 Bc3 40. c5 Bd4 41. Bxd4 exd4 42. Rxd4 Rxc5 43. Rxe4+ Kd8 44. Rd4+ Ke8 45. Ra4 Bb7 46. f4 Ba6 47. Ra2 g5 48. fxg5 Rxg5 49. Kf2 Ke7 50. Ke3 Ke6 51. Kf4 Rc5 52. Ke4 Bb7+ 53. Kf4 Ba6 54. h4 h5 55. Ra3 Rc1 56. Rf3 Ke7 57. Re3+ Kd6 58. Ra3 Rc5 59. Ke4 Kc6 60. Ra4 Rc1 61. Ra3 Rc5 62. Kd4 Kd6 63. Ra2 Rc1 64. Rd2 Rc5 65. Ke4+ Ke6 66. Ra2 Kd6 67. Kf4 Ke6 68. Ra3 Rf5+ 69. Ke4 Rc5 1/2-1/2

[Event "OLNW 2223 SK Union Oldenburg - SV Werde"]
[Site "?"]
[Date "2023.02.05"]
[Round "5.4"]
[White "Meessen, Max"]
[Black "Buchal, Stephan"]
[Result "1/2-1/2"]
[WhiteElo "2180"]
[BlackElo "2211"]
[PlyCount "115"]
[EventDate "2023.??.??"]

1. e4 g6 2. d4 Bg7 3. Nf3 d6 4. Be3 Nf6 5. Nc3 O-O 6. Qd2 c6 7. Bh6 b5 8. Bd3 Bg4 9. O-O-O Bxf3 10. gxf3 e5 11. Bxg7 Kxg7 12. dxe5 dxe5 13. f4 exf4 14. Qxf4 Nh5 15. Qe3 Qb6 16. Rhe1 Na6 17. e5 Rad8 18. Qxb6 axb6 19. a4 b4 20. Na2 b3 21. cxb3 Nc5 22. Bc2 Nf4 23. Nb4 Rfe8 24. Rxd8 Rxd8 25. Re3 Nd5 26. Nxd5 cxd5 27. b4 d4 28. Ra3 Na6 29. Rb3 Rc8 30. Kd2 Rc4 31. a5 bxa5 32. bxa5 Rc5 33. Bd3 Rxa5 34. Ra3 Rxa3 35. bxa3 Nc5 36. Bb5 g5 37. a4 f6 38. Ke1 fxe5 39. a5 Kf6 40. a6 Nxa6 41. Bxa6 e4 42. Be2 Kf5 43. Kd2 g4 44. Bf1 Kf4 45. Bg2 h5 46. Ke2 h4 47. Bh1 h3 48. Ke1 Kf5 49. Ke2 Ke5 50. Kd2 Kf5 51. Ke2 Kf4 52. Ke1 e3 53. Ke2 d3+ 54. Kxd3 exf2 55. Ke2 g3 56. hxg3+ Kxg3 57. Kf1 Kh2 58. Bc6 1/2-1/2

[Event "OLNW 2223 SK Union Oldenburg - SV Werde"]
[Site "?"]
[Date "2023.02.05"]
[Round "5.5"]
[White "Steffens, Olaf"]
[Black "Wagner, Jan"]
[Result "0-1"]
[WhiteElo "2046"]
[BlackElo "2157"]
[PlyCount "72"]
[EventDate "2023.??.??"]

1. d4 g6 2. Bf4 Bg7 3. Nc3 d6 4. e4 Nd7 5. Qd2 a6 6. Nf3 b5 7. e5 Bb7 8. Qe3 Nb6 9. a4 b4 10. a5 bxc3 11. axb6 cxb2 12. Rb1 cxb6 13. Be2 e6 14. exd6 Nf6 15. c4 O-O 16. O-O Ne4 17. Qa3 g5 18. Be3 h6 19. Rxb2 Nxd6 20. Ne5 Nf5 21. Rd1 Qc7 22. Nf3 Rfd8 23. Rbd2 Rac8 24. d5 exd5 25. cxd5 Qd6 26. Qb3 b5 27. Ba7 Qe7 28. Bb6 Rd7 29. Bd3 Bxd5 30. Bxf5 Bxb3 31. Rxd7 Qf6 32. Rd8+ Rxd8 33. Rxd8+ Bf8 34. Rxf8+ Kxf8 35. Bc5+ Kg8 36. g4 Qc6 0-1

[Event "OLNW 2223 SK Union Oldenburg - SV Werde"]
[Site "?"]
[Date "2023.02.05"]
[Round "5.6"]
[White "Schuette, Marc"]
[Black "Heldt, Nils-Lennart"]
[Result "0-1"]
[WhiteElo "2130"]
[BlackElo "2121"]
[PlyCount "122"]
[EventDate "2023.??.??"]

1. e4 e5 2. Nf3 Nc6 3. Nc3 Nf6 4. Bb5 Nd4 5. Nxd4 exd4 6. e5 dxc3 7. exf6 Qxf6 8. dxc3 c6 9. Bd3 d5 10. Qe2+ Be6 11. h4 Bd6 12. Bg5 Qe5 13. Be3 O-O 14. g4 Rfe8 15. Kd2 c5 16. f4 Qf6 17. g5 Qd8 18. Qf2 Qa5 19. Kc1 d4 20. Bd2 c4 21. Be4 d3 22. Re1 Bf5 23. cxd3 cxd3 24. Bf3 Qa4 25. Bd1 Qc6 26. Be3 Qc7 27. Ba4 Rxe3 28. Rxe3 Bxf4 29. Kd2 Bxe3+ 30. Kxe3 Qc5+ 31. Kf3 Qd5+ 32. Kg3 Rd8 33. Rf1 g6 34. Bb3 Qe5+ 35. Qf4 Qxf4+ 36. Rxf4 Be6 37. Bxe6 fxe6 38. Rf1 d2 39. Rd1 e5 40. Kf3 Kf7 41. c4 Ke6 42. Ke3 Kf5 43. c5 a5 44. b3 e4 45. Ke2 Ke5 46. a3 Rd3 47. b4 axb4 48. axb4 Kd4 49. Rxd2 Rxd2+ 50. Kxd2 Kc4 51. Ke3 Kxb4 52. Kxe4 Kxc5 53. Ke5 b5 54. Kf6 b4 55. Kg7 b3 56. Kxh7 b2 57. Kxg6 b1=Q+ 58. Kh6 Kd6 59. g6 Ke7 60. h5 Kf8 61. Kh7 Qb7+ 0-1

[Event "OLNW 2223 SK Union Oldenburg - SV Werde"]
[Site "?"]
[Date "2023.02.05"]
[Round "5.7"]
[White "Franke, Reiner"]
[Black "Eschholz, Enno"]
[Result "0-1"]
[WhiteElo "2233"]
[BlackElo "2197"]
[PlyCount "102"]
[EventDate "2023.??.??"]

1. Nf3 c5 2. c4 Nc6 3. d4 cxd4 4. Nxd4 Nf6 5. Nc3 g6 6. e4 Bg7 7. Be3 Ng4 8. Qxg4 Nxd4 9. Qd1 e5 10. Bd3 O-O 11. O-O d6 12. Qd2 Be6 13. Rab1 Rc8 14. b3 f5 15. exf5 gxf5 16. f4 Qa5 17. Rfd1 Rfd8 18. Rbc1 a6 19. Ne2 Qxd2 20. Bxd2 e4 21. Be3 Nc6 22. Bb1 d5 23. Bb6 Rd7 24. cxd5 Rxd5 25. Rxd5 Bxd5 26. Kf2 Kf7 27. Ke3 Be6 28. Nd4 Nb4 29. Rxc8 Bxc8 30. Kf2 Nd5 31. Ba7 Nxf4 32. g4 fxg4 33. Bxe4 h5 34. Nf5 Be5 35. Bb6 Nh3+ 36. Kg2 Ng5 37. Bd3 Be6 38. Nh4 Bd5+ 39. Kg1 Nh3+ 40. Kf1 Nf4 41. Bc2 Ne6 42. Bg6+ Kf6 43. Be3 Nf4 44. Bc2 Bc6 45. Bf2 Bb5+ 46. Ke1 Nd3+ 47. Bxd3 Bxd3 48. Bg3 Bc3+ 49. Kd1 Be4 50. Kc1 b5 51. Bc7 Be5 0-1

[Event "OLNW 2223 SK Union Oldenburg - SV Werde"]
[Site "?"]
[Date "2023.02.05"]
[Round "5.8"]
[White "Peters, Tom"]
[Black "Diederichsen, Detlev"]
[Result "1/2-1/2"]
[WhiteElo "2066"]
[BlackElo "2156"]
[PlyCount "69"]
[EventDate "2023.??.??"]

1. e4 e5 2. Nf3 Nc6 3. Bc4 Nf6 4. d3 Bc5 5. c3 d6 6. Nbd2 O-O 7. Bb3 b5 8. h3 a5 9. a4 b4 10. Nc4 d5 11. Ncxe5 Nxe5 12. Nxe5 dxe4 13. d4 Bd6 14. Bg5 Qe7 15. Ng4 bxc3 16. bxc3 Kh8 17. Qd2 Rg8 18. Bh4 Rb8 19. Ba2 Be6 20. O-O Bxa2 21. Qxa2 Rb6 22. Ne3 g5 23. Bg3 Bf4 24. Nc4 Re6 25. d5 Re5 26. Nxe5 Qxe5 27. c4 e3 28. Rfe1 Ne4 29. Rxe3 Qd4 30. Bxf4 gxf4 31. Rxe4 Qxe4 32. Qb2+ Rg7 33. Qb8+ Rg8 34. Qb2+ Rg7 35. Qb8+ 1/2-1/2

[Event "OLNW 2223 HSK Lister Turm II - SK Nordho"]
[Site "?"]
[Date "2023.02.26"]
[Round "6.1"]
[White "Kroeze, Frank"]
[Black "von Mettenheim, Johannes"]
[Result "1-0"]
[WhiteElo "2388"]
[BlackElo "2314"]
[PlyCount "53"]
[EventDate "2023.??.??"]

1. e4 c6 2. d4 d5 3. exd5 cxd5 4. Bd3 Nc6 5. c3 Qc7 6. Ne2 Bg4 7. O-O e6 8. Qe1 g6 9. h3 Bf5 10. Bxf5 gxf5 11. c4 Nb4 12. cxd5 Nc2 13. Qd1 Nxa1 14. Nbc3 Qd7 15. Bf4 Bd6 16. Be5 Bxe5 17. dxe5 Ne7 18. d6 Ng6 19. f4 f6 20. Re1 Rg8 21. Kh1 O-O-O 22. Qd4 Qc6 23. Qxa7 Nc2 24. Rc1 Nxe5 25. Nd5 exd5 26. fxe5 d4 27. Rxc2 1-0

[Event "OLNW 2223 HSK Lister Turm II - SK Nordho"]
[Site "?"]
[Date "2023.02.26"]
[Round "6.2"]
[White "Polster, Christian"]
[Black "Lambrechts, Koen"]
[Result "1-0"]
[WhiteElo "2245"]
[BlackElo "2262"]
[PlyCount "103"]
[EventDate "2023.??.??"]

1. e4 c6 2. d4 d5 3. e5 Bf5 4. Nf3 e6 5. Be2 c5 6. O-O Nc6 7. Be3 Qb6 8. Nc3 Qxb2 9. Qe1 c4 10. Rb1 Qxc2 11. Bd1 Qxb1 12. Nxb1 Bxb1 13. Ba4 Bd3 14. Qa5 Kd7 15. Rd1 Be7 16. Bg5 h6 17. Bxc6+ bxc6 18. Qa6 Rc8 19. Bd2 c3 20. Qxd3 cxd2 21. Nxd2 h5 22. Rb1 Nh6 23. Rb7+ Rc7 24. Rxc7+ Kxc7 25. Qa6 Rb8 26. Qxa7+ Rb7 27. Qa5+ Kd7 28. Nb3 Nf5 29. Qa8 Rb4 30. g3 f6 31. exf6 gxf6 32. Qa7+ Ke8 33. Qc7 Kf7 34. Qxc6 Nxd4 35. Nxd4 Rxd4 36. a4 Rc4 37. Qd7 Rc1+ 38. Kg2 Ra1 39. Qa7 f5 40. a5 d4 41. Qxd4 Rxa5 42. Qd2 Ra4 43. Qd1 Rg4 44. h3 Rg5 45. f4 Rg6 46. Qxh5 Kg7 47. Kh2 Bd6 48. Qe2 Kh7 49. Qd3 e5 50. Qxf5 exf4 51. g4 Be7 52. Qf7+ 1-0

[Event "OLNW 2223 HSK Lister Turm II - SK Nordho"]
[Site "?"]
[Date "2023.02.26"]
[Round "6.3"]
[White "Rietman, Frits"]
[Black "Virag, Attila Aba"]
[Result "1/2-1/2"]
[WhiteElo "2242"]
[BlackElo "2281"]
[PlyCount "21"]
[EventDate "2023.??.??"]

1. e4 d5 2. exd5 Qxd5 3. Nf3 Bg4 4. Be2 e6 5. h3 Bh5 6. Nc3 Qa5 7. d3 Nf6 8. Bd2 c6 9. Ne4 Qd8 10. Nxf6+ gxf6 11. Bc3 1/2-1/2

[Event "OLNW 2223 HSK Lister Turm II - SK Nordho"]
[Site "?"]
[Date "2023.02.26"]
[Round "6.4"]
[White "Bleecke, Sebastian"]
[Black "Oehne, Timo"]
[Result "0-1"]
[WhiteElo "2139"]
[BlackElo "2135"]
[PlyCount "80"]
[EventDate "2023.??.??"]

1. e4 c6 2. d4 d5 3. e5 Bf5 4. Nf3 e6 5. Be2 Ne7 6. c3 c5 7. dxc5 Nec6 8. Be3 Nd7 9. Bd4 Bxc5 10. O-O O-O 11. Re1 Qb6 12. b3 Rac8 13. Bxc5 Nxc5 14. Nbd2 Ne4 15. Nxe4 dxe4 16. Nd4 Rfd8 17. Rc1 Nxe5 18. Qd2 Nc6 19. Qe3 Nxd4 20. cxd4 h6 21. Rc5 Rxc5 22. dxc5 Qa5 23. Ra1 Rd5 24. Rc1 Qxa2 25. b4 Rd2 26. Bf1 Qb2 27. Qc3 a6 28. Qxb2 Rxb2 29. c6 bxc6 30. Rxc6 Rxb4 31. Rxa6 Rb1 32. Ra3 g5 33. Rc3 Bg6 34. h3 f5 35. g4 f4 36. Kg2 f3+ 37. Kg1 Kg7 38. Ra3 Kf6 39. Rc3 Be8 40. Rc5 Ba4 0-1

[Event "OLNW 2223 HSK Lister Turm II - SK Nordho"]
[Site "?"]
[Date "2023.02.26"]
[Round "6.5"]
[White "Schulz, Jens"]
[Black "Hoerstmann, Rudi"]
[Result "0-1"]
[WhiteElo "2164"]
[BlackElo "2218"]
[PlyCount "70"]
[EventDate "2023.??.??"]

1. e4 g6 2. d4 Bg7 3. Nc3 d6 4. Be3 a6 5. Qd2 b5 6. f3 Nd7 7. g4 Bb7 8. h4 h6 9. Nge2 c5 10. Ng3 e6 11. Be2 Qc7 12. dxc5 dxc5 13. O-O-O b4 14. Nb1 Ne7 15. f4 Nc6 16. Rhf1 Nd4 17. e5 Rc8 18. Bxd4 cxd4 19. Bd3 Nc5 20. b3 a5 21. Kb2 O-O 22. h5 a4 23. Bc4 g5 24. Rde1 axb3 25. axb3 Na4+ 26. Kc1 Nc3 27. fxg5 Bxe5 28. gxh6 f6 29. Bxe6+ Kh8 30. Bxc8 Rxc8 31. Rxe5 Qxe5 32. Qf4 Re8 33. Qxf6+ Qxf6 34. Rxf6 Re1+ 35. Kd2 Rd1# 0-1

[Event "OLNW 2223 HSK Lister Turm II - SK Nordho"]
[Site "?"]
[Date "2023.02.26"]
[Round "6.6"]
[White "Hoerstmann, Martin"]
[Black "Stotyn, Fabian"]
[Result "1/2-1/2"]
[WhiteElo "2214"]
[BlackElo "2145"]
[PlyCount "29"]
[EventDate "2023.??.??"]

1. Nf3 c5 2. c4 Nf6 3. g3 d5 4. Bg2 Nc6 5. cxd5 Nxd5 6. Nc3 Nc7 7. d3 e5 8. Nd2 Bd7 9. O-O Be7 10. Nc4 f6 11. f4 exf4 12. Bxf4 O-O 13. Bxc6 Bxc6 14. Na5 Qd7 15. Nxc6 1/2-1/2

[Event "OLNW 2223 HSK Lister Turm II - SK Nordho"]
[Site "?"]
[Date "2023.02.26"]
[Round "6.7"]
[White "Bierenbroodspot, Paul"]
[Black "Wolter, Jens"]
[Result "1-0"]
[WhiteElo "2084"]
[BlackElo "2131"]
[PlyCount "97"]
[EventDate "2023.??.??"]

1. e4 c5 2. Nf3 g6 3. c3 Bg7 4. d4 cxd4 5. cxd4 d5 6. exd5 Nf6 7. Nc3 O-O 8. Qb3 Nbd7 9. Bg5 Nb6 10. Bxf6 Bxf6 11. Be2 Bg4 12. O-O Bxf3 13. Bxf3 Bxd4 14. Rad1 Bxc3 15. Qxc3 Qd6 16. Rfe1 Rac8 17. Qe5 Rc7 18. b3 Qxe5 19. Rxe5 Rd8 20. a4 Kf8 21. h4 h5 22. Kf1 Rd6 23. Ke1 a5 24. Rd3 Nd7 25. Ree3 Nf6 26. Rc3 Rxc3 27. Rxc3 b6 28. Rc8+ Kg7 29. Rc6 Nd7 30. Kd2 Nb8 31. Kc3 Rxc6+ 32. dxc6 Na6 33. Kc4 Nc7 34. b4 axb4 35. Kxb4 Kf6 36. Be2 Ke5 37. Bc4 e6 38. a5 bxa5+ 39. Kxa5 Kd6 40. Kb6 Na8+ 41. Kb7 Nc7 42. f4 Ne8 43. f5 Kc5 44. Bxe6 gxf5 45. Bb3 Kd4 46. Kc8 Nd6+ 47. Kd7 Nb5 48. Bxf7 Ke3 49. Bxh5 1-0

[Event "OLNW 2223 HSK Lister Turm II - SK Nordho"]
[Site "?"]
[Date "2023.02.26"]
[Round "6.8"]
[White "Braeutigam, Mike"]
[Black "Hoellmann, Ludger"]
[Result "0-1"]
[WhiteElo "1892"]
[BlackElo "2035"]
[PlyCount "80"]
[EventDate "2023.??.??"]

1. Nf3 Nf6 2. g3 d5 3. Bg2 e6 4. O-O c5 5. d3 b6 6. Nbd2 Bb7 7. e4 dxe4 8. Ng5 Be7 9. Re1 Nc6 10. Ngxe4 Qd7 11. Nxf6+ Bxf6 12. Ne4 Be7 13. Be3 O-O 14. a3 Nd4 15. c3 Nf5 16. Qe2 Rfd8 17. Rad1 Rac8 18. d4 cxd4 19. Bxd4 Qc7 20. Be3 Nxe3 21. Qxe3 h6 22. h4 Ba6 23. Bf1 Bb7 24. Bg2 Rd7 25. Rxd7 Qxd7 26. Bf3 Rd8 27. c4 Qd4 28. Nc3 Bxf3 29. Qxf3 Qxc4 30. Qb7 Bf6 31. Ne4 Bxb2 32. Qxa7 b5 33. Qe7 Rf8 34. Rb1 Qxe4 35. Rxb2 Rc8 36. Kh2 Rc1 37. f3 Qxf3 38. Rg2 Qf1 39. Qd8+ Kh7 40. Kh3 Rc2 0-1

[Event "OLNW 2223 SK Ricklingen - SK Union Olden"]
[Site "?"]
[Date "2023.02.26"]
[Round "6.1"]
[White "Wittje, Berthold"]
[Black "Ackermann, Dennie"]
[Result "1/2-1/2"]
[WhiteElo "2226"]
[BlackElo "2112"]
[PlyCount "73"]
[EventDate "2023.??.??"]

1. Nf3 c5 2. g3 b5 3. Bg2 Bb7 4. O-O Nf6 5. c3 Nc6 6. d4 e6 7. a4 b4 8. Nbd2 Be7 9. Nc4 O-O 10. Nfe5 Qc7 11. Nxc6 Bxc6 12. Bf4 d6 13. Bxc6 Qxc6 14. dxc5 d5 15. Ne5 Qxc5 16. cxb4 Qxb4 17. Nc6 Qb7 18. Rc1 Rfc8 19. Nxe7+ Qxe7 20. Qd4 Qb7 21. b4 Nd7 22. b5 f6 23. Be3 a6 24. Qb4 axb5 25. axb5 e5 26. Rxc8+ Rxc8 27. Rc1 Rxc1+ 28. Bxc1 Nb6 29. Ba3 h6 30. Qf8+ Kh7 31. Qc5 d4 32. Bb4 Nd7 33. Qc4 Nb6 34. Qd3+ Kh8 35. Bc5 Na4 36. Bb4 Nc3 37. Bxc3 {(=)} 1/2-1/2

[Event "OLNW 2223 SK Ricklingen - SK Union Olden"]
[Site "?"]
[Date "2023.02.26"]
[Round "6.2"]
[White "Simon, Ralf-Axel"]
[Black "Mueer, Sebastian"]
[Result "0-1"]
[WhiteElo "2066"]
[BlackElo "2237"]
[PlyCount "68"]
[EventDate "2023.??.??"]

1. c4 Nf6 2. Nf3 g6 3. Nc3 Bg7 4. e4 d6 5. d4 O-O 6. Be2 e5 7. O-O Nc6 8. d5 Ne7 9. Ne1 Nd7 10. Be3 f5 11. f3 f4 12. Bf2 g5 13. b4 Ng6 14. c5 Nf6 15. Kh1 Rf7 16. Rc1 Bf8 17. Rg1 Rg7 18. g3 fxg3 19. hxg3 h5 20. Nd3 Qe8 21. a4 g4 22. Nb5 a6 23. Nc3 gxf3 24. Bxf3 Ng4 25. c6 b6 26. Rf1 Qe7 27. Bg1 Rh7 28. Kg2 Qg5 29. Qe2 Bh6 30. Rc2 h4 31. Bxg4 Bxg4 32. Qe1 hxg3 33. Qxg3 Bg7 34. Rf5 Nh4+ 0-1

[Event "OLNW 2223 SK Ricklingen - SK Union Olden"]
[Site "?"]
[Date "2023.02.26"]
[Round "6.3"]
[White "Bredemeier, Dirk"]
[Black "Spiess, Thomas"]
[Result "1-0"]
[WhiteElo "2233"]
[BlackElo "2000"]
[PlyCount "49"]
[EventDate "2023.??.??"]

1. d4 d5 2. c4 c6 3. Nc3 Nf6 4. e3 e6 5. Nf3 Nbd7 6. Bd3 dxc4 7. Bxc4 b5 8. Bd3 Bb7 9. e4 b4 10. Na4 c5 11. e5 Nd5 12. O-O cxd4 13. Re1 a6 14. Bd2 Qb8 15. Qe2 g6 16. Rac1 Qa7 17. Ng5 Bg7 18. Qf3 N5f6 19. Qh3 Nh5 20. Nxe6 Bc8 21. Nc7+ Kf8 22. Nxa8 Qxa8 23. Bxb4+ Kg8 24. Be4 Qb8 25. Bd6 1-0

[Event "OLNW 2223 SK Ricklingen - SK Union Olden"]
[Site "?"]
[Date "2023.02.26"]
[Round "6.4"]
[White "Schmidt, Benjamin"]
[Black "Meessen, Max"]
[Result "0-1"]
[WhiteElo "1864"]
[BlackElo "2180"]
[PlyCount "58"]
[EventDate "2023.??.??"]

1. d4 d5 2. c4 e6 3. Nc3 c5 4. cxd5 exd5 5. Nf3 Nf6 6. Bg5 Be6 7. Bxf6 Qxf6 8. e4 dxe4 9. Bb5+ Nd7 10. Nxe4 Qf4 11. Bxd7+ Bxd7 12. O-O O-O-O 13. Nxc5 Bc6 14. Rc1 Kb8 15. Na6+ Ka8 16. Qb3 Bd6 17. d5 Ba4 18. Qd3 bxa6 19. Qxa6 Qb4 20. Nd4 Qxd4 21. Rc4 Qe5 22. g3 Bd7 23. Rc6 Bc8 24. Qb5 Bb7 25. Rfc1 Rc8 26. R1c3 Bxc6 27. Rxc6 Rxc6 28. Qxc6+ Kb8 29. Qb5+ Kc8 0-1

[Event "OLNW 2223 SK Ricklingen - SK Union Olden"]
[Site "?"]
[Date "2023.02.26"]
[Round "6.5"]
[White "Wagner, Jan"]
[Black "Herrmann, Andreas"]
[Result "1-0"]
[WhiteElo "2157"]
[BlackElo "2020"]
[PlyCount "109"]
[EventDate "2023.??.??"]

1. Nf3 Nf6 2. b3 b5 3. e3 a6 4. Bb2 e6 5. d4 Bb7 6. Bd3 c5 7. Nbd2 d5 8. dxc5 Bxc5 9. O-O O-O 10. Qe2 Nc6 11. a3 Re8 12. c4 dxc4 13. bxc4 b4 14. Nb3 Bf8 15. Rfd1 Qc7 16. c5 e5 17. Bc4 h6 18. axb4 Nxb4 19. Bc3 Nfd5 20. Bb2 a5 21. Bb5 Re6 22. Qc4 e4 23. Nfd4 Rg6 24. Ne2 Nd3 25. Bd4 N5b4 26. Ng3 Bd5 27. Qc3 Qb7 28. Bc4 a4 29. Nd2 Bc6 30. Rdb1 Rb8 31. Bxd3 exd3 32. Be5 Re8 33. Rxb4 Qa8 34. e4 Rge6 35. Bf4 Be7 36. Be3 Rd8 37. Bd4 Bg5 38. Nf3 Bxe4 39. Rbxa4 Bxf3 40. Rxa8 Bxa8 41. Nf1 Be4 42. Rd1 Rg6 43. Ng3 f5 44. f3 Bxf3 45. gxf3 f4 46. Qxd3 Kh7 47. Kf1 fxg3 48. hxg3 Bf6 49. Qe4 h5 50. Rd3 Bg5 51. f4 Rf8 52. Bf2 Bd8 53. Rd6 Bf6 54. Rd5 Kh6 55. Qf5 1-0

[Event "OLNW 2223 SK Ricklingen - SK Union Olden"]
[Site "?"]
[Date "2023.02.26"]
[Round "6.6"]
[White "Ploog, Martin"]
[Black "Schuette, Marc"]
[Result "0-1"]
[WhiteElo "2022"]
[BlackElo "2130"]
[PlyCount "108"]
[EventDate "2023.??.??"]

1. e4 d5 2. exd5 Qxd5 3. Nf3 Bg4 4. Be2 c6 5. h3 Bxf3 6. Bxf3 Qe5+ 7. Qe2 Nd7 8. Nc3 Qxe2+ 9. Kxe2 Ne5 10. d4 Nxf3 11. Kxf3 Nf6 12. Bg5 e6 13. Rad1 Be7 14. Rhe1 h6 15. Bxf6 Bxf6 16. Ne4 Be7 17. c4 O-O-O 18. a3 Rd7 19. Re3 Rhd8 20. Red3 f5 21. Ng3 Bf6 22. Ke3 f4+ 23. Kxf4 Bxd4 24. Ne4 Be5+ 25. Ke3 Rxd3+ 26. Rxd3 Rxd3+ 27. Kxd3 Bxb2 28. a4 b6 29. c5 Kd7 30. Kc4 Ba3 31. cxb6 axb6 32. g4 Be7 33. f3 Bh4 34. Nd2 Bg5 35. Ne4 e5 36. Ng3 Ke6 37. Nf5 g6 38. Ng3 Bh4 39. Ne4 Be1 40. Kd3 b5 41. axb5 cxb5 42. Nc5+ Kd5 43. Ne4 Bh4 44. Nc3+ Kc5 45. Ke4 b4 46. Na4+ Kb5 47. Nb2 Bf6 48. h4 Bxh4 49. Kxe5 Be1 50. Nd3 Bc3+ 51. Ke4 b3 52. f4 h5 53. gxh5 gxh5 54. Ke3 Kc4 0-1